000 00304nam a2200121 i 4500
001 bg
245 0 _aII Naukowo Techniczna Konferencja. Hydrogeologia i Geologia Inżynierska.
260 _aGdańsk,
_c1968.
040 _cBPK
041 _apol
942 _cKS
008 s pl f |000 0 pol
999 _c18325
_d18325
856 _uhttp://koha.tu.koszalin.pl/cgi-bin/koha/opac-detail.pl?biblionumber=18325
_yKatalog online BPK